ბათუმის შოთა რუსთაველის სახელმწიფო უნივერსიტეტის ბიბლიოთეკა

სტრესი და იძულებით გადაადგილება: ფსიქოლოგიური პრობლემები და მათი გადაწყვეტის გზები : (ბიბ.ჩანაწერი № 37572)

000 -ლიდერი
ფიქსირებული სიგრძის საკონტროლო ველი 02324nam a2200337Ia 4500
001 - საკონტროლო ნომერი
საკონტროლო ველი 3541
003 - საკონტროლო ნომრის იდენტიფიკატორი
საკონტროლო ველი GE_BSU
005 - ბოლო ოპერაციის თარიღი და დრო
საკონტროლო ველი 20190621210550.0
008 - ფიქსირებული სიგრძის მონაცემთა ელემენტები - ზოგადი ინფორმაცია
ფიქსირებული სიგრძის საკონტროლო ველი 181216s2011||||ge |||||||||||||| ||geo||
020 ## - წიგნის საერთაშორისო სტანდარტული ნომერი
International Standard Book Number 9789941039539
040 ## - კატალოგიზაციის წყარო
Transcribing agency GE_BSU
041 ## - ენის კოდი
Language code of text/sound track or separate title geo
080 ## - უნივერსალური ათობითი კლასიფიკაციის ინდექსი
Universal Decimal Classification number 159.944.4+612 ს–26
245 ## - ცნობა სათაურის შესახებ
Title სტრესი და იძულებით გადაადგილება: ფსიქოლოგიური პრობლემები და მათი გადაწყვეტის გზები :
Remainder of title სალექციო კურსი მომავალი ფსიქოლოგების, პედაგოგებისა და სოც. მუშაკებისათვის /
Statement of responsibility, etc ავტ.: მერაბ მაღრაძე, რამაზ საყვარელიძე, მარინა ბალიაშვილი და სხვ. ; რედ. მანანა გაბაშვილი.
264 ## - წარმოების, გამოცემის, დისტრიბუციის და სხვა ცნობები
გამოცემის, წარმოების, დისტრიბუციის... ადგილი თბილისი,
გამოცემის, წარმოების, დისტრიბუციის... თარიღი 2011.
300 ## - ფიზიკური აღწერა
Extent 231 გვ. ;
Other physical details ცხრ.;
Dimensions 29 სმ.
300 ## - ფიზიკური აღწერა
Other physical details ავტ. მითით. თავფურ. მე-2 გვ..
300 ## - ფიზიკური აღწერა
Dimensions დანართი: გვ. 208-231. - ბიბლიოგრ. თავების ბოლოს.
653 ## - INDEX TERM--UNCONTROLLED
Uncontrolled term იძულებით გადაადგილებული პირები
653 ## - INDEX TERM--UNCONTROLLED
Uncontrolled term ფსიქოლოგიური პრობლემები
-- სტრესი
700 ## - ADDED ENTRY--PERSONAL NAME
Personal name მაღრაძე, მერაბ
Relator term ავტორი
9 (RLIN) 2791
700 ## - ADDED ENTRY--PERSONAL NAME
Personal name საყვარელიძე, რამაზ
Relator term ავტორი
9 (RLIN) 2792
700 ## - ADDED ENTRY--PERSONAL NAME
Personal name ბალიაშვილი, მარინა
Relator term ავტორი
9 (RLIN) 2793
700 ## - ADDED ENTRY--PERSONAL NAME
Personal name ბალანჩივაძე, იაგორ
Relator term ავტორი
9 (RLIN) 845
700 ## - ADDED ENTRY--PERSONAL NAME
Personal name ბასილაშვილი, ნინო
Relator term ავტორი
9 (RLIN) 2794
700 ## - ADDED ENTRY--PERSONAL NAME
Personal name ბერიძე, ქეთევან
Relator term ავტორი
9 (RLIN) 2795
700 ## - ADDED ENTRY--PERSONAL NAME
Personal name კეჭაყმაძე, რუსუდან
Relator term ავტორი
9 (RLIN) 2796
700 ## - ADDED ENTRY--PERSONAL NAME
Personal name კვიცარიძე, მარინა
Relator term ავტორი
9 (RLIN) 2797
700 ## - ADDED ENTRY--PERSONAL NAME
Personal name გაბაშვილი, მანანა
Relator term რედაქტორი
9 (RLIN) 1417
942 ## - ADDED ENTRY ELEMENTS (KOHA)
Koha item type წიგნი
Source of classification or shelving scheme
ეგზემპლარები
ჩამოწერის სტატუსი დაკარგული ეგზემპლარის სტატუსი კლასიფიკაციის წყარო ან თაროზე გაწყობის სქემა დაზიანების სტატუსი არ გაიცემა მუდმივი მდებარეობა (დაცვის ადგილი) ამჟამინდელი ადგილსამყოფელი თაროზე განთავსების ადგილი შეძენის თარიღი სრული შენახვის შიფრი შტრიხკოდი ბოლო ოპერაციის თარიღი ეგზემპლარის მიმდევრობითი ნომერი (კეტერი?) ფასის ძალაში შესვლის თარიღი ეგზემპლარის სახეობა საჯარო შენიშვნა
          ბათუმის შოთა რუსთაველის სახელმწიფო უნივერსიტეტის მთავარი ბიბლიოთეკა ბათუმის შოთა რუსთაველის სახელმწიფო უნივერსიტეტის მთავარი ბიბლიოთეკა წიგნსაცავი 2018-12-17 159.944.4+612 ს–26 5109 2018-12-17 5109 2018-12-17 წიგნი